| 000 | 01467cam a2200373 a 4500 | ||
|---|---|---|---|
| 001 | 17104387 | ||
| 005 | 20240612090516.0 | ||
| 008 | 120104s2006 fr 000 0 eng | ||
| 010 | _a 2010545365 | ||
| 020 | _a2912743044 | ||
| 020 | _a9782912743046 | ||
| 040 |
_aDLC _cDLC |
||
| 041 | 1 |
_aeng _afre _aspa _heng |
|
| 042 | _apcc | ||
| 050 | 0 | 0 |
_aZ679.7 _b.M45 2006 |
| 082 |
_223 _a025.84 |
||
| 100 | 1 |
_aMcIlwaine, John. _95550 |
|
| 245 | 1 | 0 |
_aIFLA disaster preparedness and planning : _ba brief manual / _cby John McIlwaine ; under the direction of Marie-Thérèse Varlamoff ; edited and translated into French by Corine Koch ; translated into Spanish by Solange Hernandez. |
| 246 | 1 | 5 | _aPrévention des catastrophes et plans d'urgence. |
| 246 | 1 | 5 | _aPrevención de desastres y planes de emergencia. |
| 260 |
_aParis : _bIFLA-PAC, _c2006. |
||
| 300 |
_a84 p. ; _c30 cm. |
||
| 490 | 1 |
_aInternational preservation issues ; _vno. 6 |
|
| 500 | _aIn English, French and Spanish. | ||
| 650 | 0 |
_aEmergency management. _95551 |
|
| 650 | 0 |
_aLibrary buildings _xSafety measures. _95552 |
|
| 650 | 0 |
_aLibrary materials _xConservation and restoration. _95553 |
|
| 700 | 1 |
_aVarlamoff, Marie-Thérèse. _95554 |
|
| 710 | 2 |
_aIFLA Core Activity on Preservation and Conservation. _95555 |
|
| 830 | 0 |
_aInternational preservation issues ; _vno. 6. _95556 |
|
| 906 |
_a7 _bcbc _corigres _d2 _encip _f20 _gy-gencatlg |
||
| 942 |
_2ddc _cBK |
||
| 999 |
_c6656 _d6656 |
||